000
00207 a2200097 4500
001
13669
100
_a
Zaidi, N
245
_a
Musalman Mojid
260
_a
Lahore
_b
Quami Kattab Khana
_c
090
_c
10663
_d
10663
942
_a
NUST-CAE
_c
M
_c
740
999
_c
248742
_d
248742